The Moment I Knew (TV) - Taylor Swift (All Lyrics) - Statistics

General Stats
  • This quiz has been taken 144 times
  • The average score is 303 of 343
Answer Stats
Lyrics % Correct
A
100%
I
100%
knew
100%
moment
100%
the
100%
And
99%
that
99%
it
97%
it"
97%
was
97%
"He
96%
to
96%
You
96%
you
96%
you"
96%
I'm
94%
"I'm
94%
in
94%
In
94%
me
94%
me,
94%
so
94%
So
94%
be
93%
do
93%
here"
93%
here
93%
my
93%
there
93%
With
93%
all
91%
happy
91%
"Happy
91%
like
91%
missin'
91%
on
91%
one
91%
thing
91%
But
90%
dress
90%
party
90%
said
90%
said,
90%
they
90%
been
88%
by
88%
door
88%
is
88%
Is
88%
motion
88%
no
88%
right
88%
slow
88%
smile
88%
standin'
88%
who
88%
your
88%
As
87%
"Baby,
87%
birthday
87%
lipstick
87%
red
87%
say
87%
they're
87%
When
87%
you'd
87%
impress
85%
through
85%
too"
85%
would've
85%
around
84%
didn't
84%
know
84%
know?
84%
should've
84%
Should've
84%
show
84%
singin'
84%
What
84%
what
84%
laughin'
82%
means
82%
most
82%
room
82%
Standing
82%
are
81%
burst
81%
eye
81%
just
81%
Just
81%
of
81%
sorry
81%
ask
79%
down
79%
for
79%
friends
79%
front
79%
he'd
79%
lookin'
79%
make
79%
how
78%
How
78%
(Oh)
78%
Oh,
78%
time
78%
bathroom
76%
everyone
76%
felt
76%
million
76%
waitin'
76%
walk
76%
called
75%
hours
75%
lights
75%
little
75%
tears
75%
got
73%
I've
73%
later
73%
stars
73%
streaming
73%
Christmas
72%
face
72%
hall
72%
pass
72%
seem
72%
shining
72%
tickin'
72%
about
70%
really
70%
align
69%
asking
69%
fall
69%
memory
69%
not
69%
wrong
69%
alone
67%
apart
67%
close
67%
glisten
67%
People
67%
somethin'
67%
try
67%
wanna
67%
always
64%
back
64%
sinking
61%
there's
61%
follow
60%
starts
60%
hopelessly
58%
Now
58%
feelin'
57%
comb
51%
No matching quizzes found
Score Distribution
Percent of People with Each Score
Percentile by Number Answered
Your Score History
You have not taken this quiz